Parentesco : pertenecer a un mundo de relaciones, Lugar /
محفوظ في:
| مؤلفون آخرون: | , , , |
|---|---|
| التنسيق: | الكتروني كتاب الكتروني |
| اللغة: | الإسبانية الإنجليزية |
| منشور في: |
Barcelona, España :
Editorial GG,
2025.
|
| الموضوعات: | |
| الوصول للمادة أونلاين: | Digitalia Hispánica |
| الوسوم: |
إضافة وسم
لا توجد وسوم, كن أول من يضع وسما على هذه التسجيلة!
|
MARC
| LEADER | 00000nam a2200000Ii 4500 | ||
|---|---|---|---|
| 001 | DIGUSTGIL0352 | ||
| 003 | NyNyDIG | ||
| 006 | m o d | ||
| 007 | cr ||||||||||| | ||
| 008 | 250610s2025 sp ob 000 0 spa d | ||
| 035 | |a (OCoLC)1503967085 | ||
| 040 | |a DGITA |b eng |e rda |e pn |c DGITA | ||
| 020 | |a 9788425235351 |q (ePub) | ||
| 020 | |z 9788425235344 | ||
| 041 | 1 | |a spa |h eng | |
| 050 | 1 | 4 | |a GF1 ebook |
| 245 | 0 | 0 | |a Parentesco : |b pertenecer a un mundo de relaciones, |p Lugar / |c Gavin Van Horn, Robin Wall Kimmerer y John Hausdoerffer (ed.) ; traducción de Miguel Cisneros. |
| 246 | 3 | 0 | |a Lugar |
| 240 | 1 | 0 | |a Kinship. |l Spanish |s (Cisneros Perales) |
| 264 | 1 | |a Barcelona, España : |b Editorial GG, |c 2025. | |
| 300 | |a 1 online resource. | ||
| 336 | |a text |b txt |2 rdacontent | ||
| 337 | |a computer |b c |2 rdamedia | ||
| 338 | |a online resource |b cr |2 rdacarrier | ||
| 347 | |a text file |2 rdaft | ||
| 347 | |b EPUB | ||
| 504 | |a Includes bibliographical references. | ||
| 588 | 0 | |a Online resource; title from ePub title page (Digitalia, viewed June 10, 2025) | |
| 650 | 0 | |a Human ecology. | |
| 650 | 0 | |a Environmental ethics. | |
| 700 | 1 | |a Van Horn, Gavin, |e editor. | |
| 700 | 1 | |a Kimmerer, Robin Wall, |d 1953- |e editor. | |
| 700 | 1 | |a Hausdoerffer, John, |e editor. | |
| 700 | 1 | |a Cisneros Perales, Miguel, |d 1989- |e translator. | |
| 776 | 0 | 8 | |i Print version: |s Kinship. Spanish (Cisneros Perales). |t Parentesco : pertenecer a un mundo de relaciones, Lugar. |d Barcelona, España : Editorial GG, 2025 |z 9788425235344 |
| 791 | 2 | |a Digitalia (Firm), |e distributor. | |
| 793 | 0 | |g Digitalia eBook Collection: |a Editorial Gustavo Gili | |
| 856 | 4 | 0 | |3 Digitalia Hispánica |u https://digitalia.unach.elogim.com/a/172960/ |
| 910 | |a Premium collection: 2025 | ||